Top 15 der betroffenen Covid-19-Länder - 12. Mai - Statistiken

Allgemein
  • Dieses Quiz wurde 15 mal gespielt
  • Das Durchschnittsergebnis liegt bei 16 aus 24
Antwortstatistiken
Land % Korrekt
China
100%
Deutschland
100%
Frankreich
100%
Italien
93%
Russland
93%
Spanien
93%
Vereinigte Staaten
93%
Brasilien
86%
Portugal
86%
Indien
79%
Niederlande
79%
Vereinigtes Königreich
79%
Kanada
71%
Belgien
64%
Schweden
64%
Iran
57%
Peru
50%
Türkei
50%
Schweiz
43%
Irland
36%
Bahrain
21%
Katar
21%
Singapur
21%
Weißrussland
21%
Keine übereinstimmenden Quizze gefunden
Verteilung der Resultate
Anzahl Personen mit jedem Resultat
Perzentil nach korrekt beantworteten Fragen
Ihre Resultats-Entwicklung
Sie haben dieses Quiz noch nicht gespielt